Click a Williams Quiz Stats

 Plays Quiz Updated Apr 17, 2019

Score 0/20 Timer 05:00
2 Plays Today
% Correct
Robin Williams
97%
Pharrell Williams
86.4%
Tennessee Williams
84.6%
John Williams
81.4%
Hank Williams
77.6%
Billy Dee Williams
77.2%
Vanessa Williams
77.1%
Robbie Williams
70.5%
Andy Williams
70%
Barry Williams
69.4%
% Correct
Michelle Williams
69.2%
Esther Williams
66.3%
Cindy Williams
65.8%
Otis Williams
61.3%
Anson Williams
60.1%
JoBeth Williams
56.2%
Mark Williams
55.9%
Deniece Williams
55.3%
Wendy O. Williams
49.2%
Ashley Williams
47%

You're not logged in!

Compare scores with friends on all Sporcle quizzes.
OR
Log In

Sporcle TV

Today on Sporcle TV


Watch our educational content, quiz creation guides, and fun videos on Sporcle TV.

Show Comments

Extras

Top Quizzes Today


Score Distribution

Your Account Isn't Verified!

In order to create a playlist on Sporcle, you need to verify the email address you used during registration. Go to your Sporcle Settings to finish the process.

Report this User

Report this user for behavior that violates our Community Guidelines.

Details: